00824nac a22002291u 4500010001600000020002800016082001500044090001500059100003400074245007300108250001200181260004500193300004700238504006400285650003800349650002500387650002700412700002100439942001700460999001500477952010200492 a 97035040 a0256171637 (alk. paper)00a337bA6521 c4610d4610 aAppleyard, Dennis R. 10aInternational economics /cDennis R. Appleyard, Alfred J. Field, Jr. a3rd ed. aBoston :bIrwin/McGraw-Hill,1998cc1998. axxiv, 748 p. :bill. (some col.) ;c27 cm. aIncludes bibliographical references (p. 715-736) and index. 0aInternational economic relations. 0aInternational trade. 0aInternational finance.1 aField, Alfred J. cBBk337A6521 c4610d4610 00104070aMAINbMAINc1STd2012-09-07ePurchasel0o337 APPp000005454r2025-07-15 00:00:00yBB